01963nam a2200301 4500001000400000003000400004005001700008008004100025020001700066040000800083041001300091082001500104100002900119240002500148245007700173260003200250300001100282490002900293520117900322650002501501650001301526650001301539650002101552655001201573655001601585700003101601830002901632235OSt20250528074015.0250205b |||||||g |||| 00| 1 eng d a978858041550 bpor hengapor a813bF299m aFeist, Raymond E.d1945- aMagician: apprentice aMago:b Aprendiz /cFeist, Raymond E. ; Tradução de Cristina Correia aSão PaulobArqueiroc2016 a414 p.1 aA saga do MagovLivro 01 a''Um dos 100 melhores livros de todos os tempos.'' BBC ''Uma fantasia épica repleta de ação eletrizante e heróis inesquecíveis.'' The Washington Post Na fronteira do Reino das Ilhas existe uma vila tranquila chamada Crydee. É lá que vive Pug, um órfão franzino que sonha ser um guerreiro Destemido a serviço do rei. Mas a vida dá voltas e Pug acaba se tornando aprendiz do misterioso mago Kulgan. Nesse dia, o destino de dois mundos se altera para sempre. Com sua coragem, Pug conquista um lugar na corte e no coração de uma princesa, mas subitamente a paz do reino é desfeita por misteriosos inimigos que devastam cidade após cidade. Ele, então, é arrastado para o conflito e, sem saber, inicia uma odisseia pelo desconhecido: terá de dominar os poderes inimagináveis de uma nova e estranha forma de magia ou morrer. Dividida em quatro livros, A Saga do Mago é uma aventura sem igual, uma viagem por reinos distantes e ilhas misteriosas, onde conhecemos culturas exóticas, aprendemos a amar e descobrimos o verdadeiro valor da amizade. E, no fim, tudo será decidido na derradeira batalha entre as forças da Ordem e do Caos. 0aLiteratura Americana 0aFantasia 0aAventura 0aSeres mágicos  0aRomance 0aFicção  aCristina CorreiaeTradutor aA saga do MagovLivro 01